แสดงรายละเอียดบรรณานุกรม
  กลับหน้าหลัก

Brief Record : Get Marc (ISO 2709) : E-mail record : QR code ปิดหน้าต่าง
LEADER 00000nam 2200000uu 4500
008    130218s2011||||th 000 0 eng d
041 0  ^aEng
090    ^aThe WE870 S624 2011
100 0  ^aSiwaporn Pimpituk
245 14 ^aThe effects of a patient-centered physical therapyintervention on pain and physical function of persons withknee pain in community /^cSiwaporn Pimpituk
246 15 ^aผลของการรักษาทางกายภาพบำบัดโดยมีผู้ป่วยเป็นศูนย์กลางต่ออาการปวดและความสามารถทางกายของผู้ที่มีอาการปวดเข่าในชุมชน
260    ^aKhon Kaen:^bKhon Kaen University,^c2011
300    ^av, 93, [1] leaves :^bill
502    ^aThesis (M.Sc.)--Physical Therapy, Graduate School, KhonKaen University, 2011
650  0 ^aDissertations, Academic
650  2 ^aKnee injuries^xphysical therapy
650  2 ^aPatellofemoral pain sundrome^xphysical therapy
700 0  ^aศิวพร พิมพ์พิทักษ์
710 2  ^aKhon Kaen University.^bGraduate School.^bPhysical Therapy
999    ^aใช้งานได้ทุกระบบ
รายการนี้ยังไม่มีแท็ก
คุณยังไม่ได้ล็อกอิน คุณสามารถมีกิจกรรมร่วมกับเว็บไซต์ได้ แต่ต้องล็อกอินก่อน ::
  ล็อกอิน
ลำดับที่ ประเภท เลขเรียก สถานที่ สถานะ
1. วิทยานิพนธ์
วิทยานิพนธ์
The WE870 S624 2011  
  
ชั้นหนังสือวิทยานิพนธ์ On Shelf
  ขอยืม
   [แสดง 1/1 รายการ]

รายการใกล้เคียง
    หัวเรื่อง [Dissertations, Academic]

BibComment


ยังไม่เคยถูกคอมเมนท์

คอมเมนท์ทรัพยากรรายการนี้
  คอมเมนท์: The effects of a..
Bib 208920

 
 
 

 Union Library Management : ULibM
Copyright 2026. All Rights Reserved.
скачать бесплатно без регистрации порно красивый секс HD Sex Hindi sex

xxx gou

xxxx

bfxxx

xxxwww

Секса Видео

xxxx

Секса Видео

detube

geilexxx

C99 Shell

worms shell

blod xxx video
Ebony Coed Rihanna Rimes Takes A Dick In Her Young Twat priyaa indian fuck anal and pusssy hardcore indian women xxx desi hardcore fucking part 1 bengalixxxcouple